Principles of environmental engineering and science

Պահպանված է:
Մատենագիտական մանրամասներ
Հիմնական հեղինակ: DAVIS, Mackenzie L
Ձևաչափ: Գիրք
Լեզու:անգլերեն
Հրապարակվել է: McGaw-Hill 2014
Ցուցիչներ: Ավելացրեք ցուցիչ
Չկան պիտակներ, Եղեք առաջինը, ով նշում է այս գրառումը!

MARC

LEADER 00000nam a22000007a 4500
008 210422b ||||| |||| 00| 0 eng d
020 |a 978-1-259-06047-2 
100 |a DAVIS, Mackenzie L 
245 |a Principles of environmental engineering and science  |c Mackenzie L. Davis and Susan J. Masten  |g xv, 848p.; ill. 
250 |b 3rd ed. 
260 |b McGaw-Hill  |c  2014  |h New York  |i 691239   |i 691240   |l TD145 .D29  |m Environmental engineering  |m Environmental science 
942 |a lcc  |c BK  |e ADEKANYE, I. H.  |f 22/04/2021 
952 |0 0  |1 0  |2 lcc  |4 0  |6 TD0145 D29  |7 0  |9 2287  |a HOL  |b SL  |c QZ  |d 2021-04-22  |l 0  |o TD145 .D29  |p 2021-6141  |r 2021-04-22 00:00:00  |w 2021-04-22  |y BK 
952 |0 0  |1 0  |2 lcc  |4 0  |6 TD0145 D29  |7 0  |9 2288  |a HOL  |b HOL  |c QZ  |d 2021-04-22  |l 0  |o TD145 .D29  |p 2021-6142  |r 2021-04-22 00:00:00  |w 2021-04-22  |y BK 
999 |c 1177  |d 1177